| 000 | 00767 a2200229 4500 | ||
|---|---|---|---|
| 003 | OSt | ||
| 005 | 20230922204248.0 | ||
| 008 | 160426b xxu||||| |||| 00| 0 eng d | ||
| 020 | _a8179923916 | ||
| 020 | _a9788179923917 | ||
| 038 | _aM. Safdar | ||
| 040 | _c0 | ||
| 082 | _a658.803 HER 2005 | ||
| 100 |
_aStephen Morse _929345 |
||
| 245 | 0 | 0 |
_aEncyclopedia of strategic marketing management. _b(Set of 10 volumes) |
| 260 |
_a[S.l.] : _bJaico Publishing House, _c2005. |
||
| 300 |
_a1 v. (unpaged) ; _c42 cm. |
||
| 500 | _aHardcover. | ||
| 856 | 4 | 0 |
_3Amazon.com _uhttp://www.amazon.com/exec/obidos/ASIN/8179923916/chopaconline-20 |
| 856 | 4 | 0 |
_3Amazon customer reviews _uhttp://www.chopac.org/cgi-bin/tools/azrev.pl?q=8179923916 |
| 942 |
_aNBS _cBK _k658.803 _2ddc |
||
| 999 |
_c344092 _d344092 |
||